000 00993nam a22002777a 4500
001 7128
003 FISKH
005 20250626085523.0
008 250624b cb ||||| |||| 00| 0 eng d
020 _a9788956355245
040 _aFISKH
_beng
_cFISKH
_dFISKH
050 _aPZ7
082 _a800
100 _aSormark, Julie
245 _aPuss in boots /
_cRetold by Julie Sormark : through the Art Style of Edward Manet
260 _aSeoul :
_be-future,
_c2010.
300 _a35 pages :
_bcolor illustrations ;
_c23 cm .
490 _aArt Classic Stories
505 _aK
520 _aA poor miller’s son inherits nothing from his father except for a cat. Desperate, he almost gives the cat away, but the cat promises to help him. The cat requests a pair of boots, which he uses to disguise himself and set off on a journey.
521 8 _a510
_bLexile
521 8 _aK
_bRaz-Plus
700 _aSeo, Sangik
_eIllustrator
942 _2ddc
_cBK
_n0
999 _c7128
_d7128